000 01129nam a22002177a 4500
999 _c60645
_d60645
003 Ge_BSU
005 20230928144602.0
008 230928s2009 ge ||||| |||| 00| 0 geo d
020 _a9789941904875
041 _ageo
080 _a821.112.2-34 რ-75
100 _aროთფუსი, ული
_919942
245 _aბედნიერების კვალდაკვალ :
_b[ზღაპარი] /
_cული როთფუსი ; გერმ. თარგმნა გელა კობიაშვილმა ; [გარეკანის მხატვრობა დიტერ ჰუტმახერი].
264 _aთბილისი :
_b პოლილოგი,
_c 2009.
300 _a36გვ. ;
_b21 სმ.
500 _aზღაპრის გერმ. გამოც. სათ.: Bist du der Elch? Auf der Spur des Glucks.
653 _aზღაპარი
700 _aკობიაშვილი, გელა
_eმთარგმნელი
_919943
700 _aჰუტმახერი, დიტერ
_eმხატვარი
_919944
942 _2udc
_cBK